Library of the University of Algiers 3
Ibrahim Sultan Cheibout
شعار جامعة الجزائر 3
مكتبة جامعة الجزائر 3
إبراهيم سلطان شيبوط

الطريق الى احتراف لغة java / (رقم التسجيلة. 45544)

تفاصيل مارك
000 -LEADER
fixed length control field 01311nam a2200253Ia 4500
003 - CONTROL NUMBER IDENTIFIER
control field Ost
005 - DATE AND TIME OF LATEST TRANSACTION
control field 20260507075649.0
008 - FIXED-LENGTH DATA ELEMENTS--GENERAL INFORMATION
fixed length control field 260507s9999||||xx |||||||||||||| ||und||
020 ## - INTERNATIONAL STANDARD BOOK NUMBER
International Standard Book Number 2270287977
040 ## - CATALOGING SOURCE
Transcribing agency fsecg
041 ## - LANGUAGE CODE
Language code of text/sound track or separate title ara
082 ## - DEWEY DECIMAL CLASSIFICATION NUMBER
Classification number 5.133
100 ## - MAIN ENTRY--PERSONAL NAME
Personal name عزب، عزب محمد
Relator term مؤلف
245 #0 - TITLE STATEMENT
Title الطريق الى احتراف لغة java /
Statement of responsibility, etc. عزب محمد عزب
260 ## - PUBLICATION, DISTRIBUTION, ETC.
Place of publication, distribution, etc. القاهرة:
Name of publisher, distributor, etc. دار الكتب العلمية للنشر والتوزيع,
Date of publication, distribution, etc. 2002
300 ## - PHYSICAL DESCRIPTION
Extent 600 صفحة؛
Other physical details إيضاحات ؛
Dimensions 24 سم
520 ## - SUMMARY, ETC.
Summary, etc. أساسيات البيانات في لغة الجافا- المصفوفات وجمل التحكم في مسار البرنامج وجمل التكرار- مفاهيم البرمجة بالاهداف- قواعد تواصل الفصائل- أدوات المكتبة- مدير التخطيط ومعالجة الحدث- استثناءات ومعالجتها- التدفق- المهام- الشبكات- لغة الإستعلامات- قواعد البيانات في الجافا- تطبيقات عملية.
653 ## - INDEX TERM--UNCONTROLLED
Uncontrolled term الإعلام الألي
653 ## - INDEX TERM--UNCONTROLLED
Uncontrolled term البرمجيات
653 ## - INDEX TERM--UNCONTROLLED
Uncontrolled term الحاسوب
653 ## - INDEX TERM--UNCONTROLLED
Uncontrolled term لغات البرمجة- جافا
700 ## - ADDED ENTRY--PERSONAL NAME
Personal name ماجد، مصطفى
Relator term مؤلف ثانوي
942 ## - ADDED ENTRY ELEMENTS (KOHA)
Koha item type كتب

لا توجد مواد متاحة.

موارد الويب المفتوحة


© University of Algiers 3 All Rights Reserved
|
Implemented by LECHELAH Riad